000 00851nam a2200241 i 4500
001 126688
003 ES-MaACL
005 20250903063106.0
007 t|
008 070214s1970 sp r ||||1| spa d
100 1 _aRevilla, Federico.
_996429
245 1 0 _aHacerlo bien y hacerlo saber
_b: las relaciones públicas de la empresa /
_cFederico Revilla ; prólogo de Francisco Izquierdo Navarro.
250 _a1ª. ed.
260 _aBarcelona :
_bOikos-Tau,
_c1970.
300 _a301 p., 6 lám. :
_bil. ;
_c22 cm.
490 1 _aSelecciones de marketing (Oikos-Tau) ;
_v12
_9242186
650 4 _aRelaciones públicas.
_9146430
700 1 _aIzquierdo Navarro, Francisco.
_965739
830 0 _aSelecciones de marketing (Oikos-Tau) ;
_v12
_9242186
852 _aES-MaACL
_jC-38517
_bR.73680
942 _2udc
999 _c126688
_d126688